000 00389 a2200169 4500
001 72122
020 _a8500728655
040 _cAnchieta - Colégio São Paulo
100 _aSouza, Angela Leite de
240 1 0 _aCoração esperto
_lpor
245 1 0 _aCoração esperto
300 _a[14p.]
362 0 _a1995
440 1 _aEdiouro
650 4 _aLiteratura infanto-juvenil
942 _cBK
999 _c72122
_d72122